LEADER 01034nam--2200361---450- 001 990001888750203316 005 20050705084552.0 035 $a000188875 035 $aUSA01000188875 035 $a(ALEPH)000188875USA01 035 $a000188875 100 $a20040729d1950----km-y0itay0103----ba 101 0 $aspa 102 $aES 105 $a||||||||001yy 200 1 $aCuatro ingenios$fAlfonso Reyes 210 $aMadrid$cEspasa-Calpe$d1950 215 $a143 p.$d18 cm. 225 2 $aColeccion austral$v954 410 0$12001$aColeccion austral$v954 454 1$12001 461 1$1001-------$12001 700 1$aREYES,$bAlfonso$0164311 801 0$aIT$bsalbc$gISBD 912 $a990001888750203316 951 $aVI.5. Coll.19/ 39(II sp D 1/954)$b13771 L.M.$cII sp 951 $aVI.5. Coll.19/ 39a(II s D 1/954 bis)$b33583 L.M.$cII s 959 $aBK 969 $aUMA 979 $aSIAV8$b10$c20040729$lUSA01$h1801 979 $aCOPAT6$b90$c20050705$lUSA01$h0845 996 $aCuatro ingenios$9953897 997 $aUNISA LEADER 01311oam 2200397 450 001 9910511999203321 005 20210625160930.0 010 $a1-68140-312-9 035 $a(CKB)4100000011748499 035 $a(MiAaPQ)EBC6462746 035 $a(EXLCZ)994100000011748499 100 $a20210625d2020 uy 0 101 0 $aeng 135 $aurcnu|||||||| 181 $ctxt$2rdacontent 182 $cc$2rdamedia 183 $acr$2rdacarrier 200 10$aUncovering student ideas about engineering and technology $e32 new formative assessment probes /$fby Page Keeley, Cary Sneider, Mihir Ravel 210 1$aArlington, Virginia :$cNational Science Teaching Association,$d[2020] 210 4$d©2020 215 $a1 online resource (233 pages) 311 $a1-68140-311-0 606 $aEngineering$xStudy and teaching (Secondary)$xEvaluation 608 $aElectronic books. 615 0$aEngineering$xStudy and teaching (Secondary)$xEvaluation. 676 $a620.00712 700 $aKeeley$b Page$0861445 702 $aSneider$b Cary Ivan 702 $aRavel$b Mihir$f1959- 801 0$bMiAaPQ 801 1$bMiAaPQ 801 2$bUtOrBLW 906 $aBOOK 912 $a9910511999203321 996 $aUncovering student ideas about engineering and technology$92552821 997 $aUNINA